[Event "POR-ch prel"]
[Site "Lisbon"]
[Date "2007.08.13"]
[Round "3"]
[White "Pereira, Joaquim Costa"]
[Black "Cordovil, Joao Maria"]
[Result "0-1"]
[WhiteElo "2093"]
[BlackElo "2221"]
[PlyCount "66"]
[EventDate "2007.08.11"]
[EventType "swiss"]
[EventRounds "9"]
[EventCountry "POR"]
[SourceTitle "EXT 2022"]
[Source "ChessBase"]
[SourceDate "2021.10.06"]
[SourceVersion "1"]
[SourceVersionDate "2021.10.06"]
[SourceQuality "1"]

1. e4 c5 2. Nf3 Nf6 3. Nc3 e6 4. d4 cxd4 5. Nxd4 d6 6. Bb5+ Nbd7 7. 0-0 a6 8. Be2 Be7 9. Be3 Qc7 10. Qd2 b5 11. a3 Bb7 12. f3 0-0 13. Rfc1 Rfd8 14. Qe1 Ne5 15. Qf2 Nc4 16. Bxc4 Qxc4 17. Qe2 Rac8 18. Kf2 Qc7 19. Kg1 d5 20. exd5 Nxd5 21. Nxd5 Rxd5 22. Nb3 Rh5 23. g3 Bf6 24. c3 Qc4 25. Qxc4 bxc4 26. Nd2 Rb5 27. Rab1 Bd5 28. Kf2 Rcb8 29. Rc2 Be7 30. Bf4 R8b7 31. Ke3 g5 32. Be5 f6 33. a4 Ra5 0-1

[Event "Lisbon-ch final"]
[Site "Lisbon"]
[Date "2007.06.19"]
[Round "3"]
[White "Cordovil, Joao Maria"]
[Black "Pereira, Joaquim Costa"]
[Result "1/2-1/2"]
[WhiteElo "2219"]
[BlackElo "2072"]
[PlyCount "69"]
[EventDate "2007.06.15"]
[EventType "swiss"]
[EventRounds "9"]
[EventCountry "POR"]
[SourceTitle "EXT 2018"]
[Source "ChessBase"]
[SourceDate "2017.10.13"]
[SourceVersion "1"]
[SourceVersionDate "2017.10.13"]
[SourceQuality "1"]

1. e4 c5 2. Nf3 e6 3. d4 cxd4 4. Nxd4 a6 5. Nc3 Qc7 6. g3 Nc6 7. Bg2 Nf6 8. 0-0 Be7 9. Be3 d6 10. Qe2 0-0 11. Nxc6 bxc6 12. Na4 c5 13. e5 Nd5 14. exd6 Bxd6 15. c4 Nxe3 16. Qxe3 Bb7 17. Bxb7 Qxb7 18. b3 Qc6 19. Rad1 Rac8 20. Rd3 Rc7 21. Rfd1 Be7 22. Qd2 h6 23. Rd7 Rfc8 24. Rxc7 Rxc7 25. Qa5 h5 26. Qb6 Qxb6 27. Nxb6 Kf8 28. Rd7 Rc6 29. Na4 Ke8 30. Ra7 Bd8 31. Kf1 Bc7 32. Ra8+ Bd8 33. Ra7 Bc7 34. Ra8+ Bd8 35. Ra7 1/2-1/2

[Event "Lisbon-ch final"]
[Site "Lisbon"]
[Date "2007.06.18"]
[Round "2"]
[White "Pereira, Joaquim Costa"]
[Black "Leite Oralova, Catarina"]
[Result "1-0"]
[WhiteElo "2072"]
[BlackElo "2232"]
[PlyCount "79"]
[EventDate "2007.06.15"]
[EventType "swiss"]
[EventRounds "9"]
[EventCountry "POR"]
[SourceTitle "EXT 2018"]
[Source "ChessBase"]
[SourceDate "2017.10.13"]
[SourceVersion "1"]
[SourceVersionDate "2017.10.13"]
[SourceQuality "1"]

1. e4 e5 2. Nf3 Nc6 3. Bb5 a6 4. Ba4 Nf6 5. 0-0 b5 6. Bb3 Bc5 7. a4 Rb8 8. Nxe5 Nxe5 9. d4 Bxd4 10. Qxd4 d6 11. axb5 axb5 12. f4 Nc6 13. Qc3 Ne7 14. e5 dxe5 15. fxe5 Nfd5 16. Qg3 0-0 17. Bh6 Ng6 18. Bg5 Qd7 19. Nc3 Nxc3 20. Qxc3 Qg4 21. Rxf7 Be6 22. Bxe6 Qxe6 23. Rxc7 Nxe5 24. Raa7 Nf7 25. h3 Rbc8 26. Be3 Rxc7 27. Rxc7 Rd8 28. Bd4 h6 29. Qe3 Qd5 30. c3 Ra8 31. Qg3 g5 32. Rc5 Qd7 33. Qc7 Qe6 34. Rxb5 Ra1+ 35. Kh2 h5 36. Rb8+ Kh7 37. Rb7 Rf1 38. Qb8 h4 39. Qh8+ Kg6 40. Qg7+ 1-0

[Event "Belenenses op 2nd"]
[Site "Lisbon"]
[Date "2007.01.03"]
[Round "4"]
[White "Morais, Vitor Mestre"]
[Black "Pereira, Joaquim Costa"]
[Result "1/2-1/2"]
[WhiteElo "2052"]
[BlackElo "2054"]
[PlyCount "69"]
[EventDate "2006.12.28"]
[EventType "swiss"]
[EventRounds "7"]
[EventCountry "POR"]
[SourceTitle "EXT 2022"]
[Source "ChessBase"]
[SourceDate "2021.10.06"]
[SourceVersion "1"]
[SourceVersionDate "2021.10.06"]
[SourceQuality "1"]

1. e4 c5 2. d4 cxd4 3. c3 d3 4. Bxd3 Nc6 5. c4 Nf6 6. Nc3 g6 7. Nf3 Bg7 8. 0-0 0-0 9. Rb1 d6 10. h3 Nd7 11. Bg5 Nc5 12. Nd5 h6 13. Be3 Be6 14. b4 Nxd3 15. Qxd3 b6 16. Nd4 Bxd5 17. exd5 Ne5 18. Qe2 Rc8 19. f4 Nxc4 20. Nc6 Rxc6 21. dxc6 d5 22. Rfd1 e6 23. Bd4 Qc7 24. Bxg7 Kxg7 25. b5 Qxf4 26. Qf2 Qxf2+ 27. Kxf2 Kf6 28. Rb4 Nd6 29. a4 Rc8 30. Ra1 e5 31. Ke3 Ke6 32. Kd3 f5 33. Rc1 Rc7 34. Rh4 Nf7 35. Rb4 1/2-1/2

[Event "Belenenses op 1st"]
[Site "Lisbon"]
[Date "2006.12.18"]
[Round "1"]
[White "Louro, Eugenio Diogo"]
[Black "Pereira, Joaquim Costa"]
[Result "0-1"]
[WhiteElo "1833"]
[BlackElo "2054"]
[PlyCount "70"]
[EventDate "2006.12.18"]
[EventType "swiss"]
[EventRounds "7"]
[EventCountry "POR"]
[SourceTitle "EXT 2022"]
[Source "ChessBase"]
[SourceDate "2021.10.06"]
[SourceVersion "1"]
[SourceVersionDate "2021.10.06"]
[SourceQuality "1"]

1. e4 c5 2. g3 d6 3. Nc3 g6 4. Bg2 Bg7 5. d3 Nc6 6. Nge2 e6 7. 0-0 Nge7 8. Rb1 Bd7 9. Be3 a6 10. Qd2 0-0 11. Bh6 b5 12. a3 Rb8 13. Bxg7 Kxg7 14. b3 Qa5 15. Qc1 Qb6 16. Qb2 Kg8 17. Nd1 f5 18. Ne3 Nd4 19. c3 Nxe2+ 20. Qxe2 f4 21. Nd1 Nc6 22. g4 Ne5 23. Bf3 Bc6 24. b4 g5 25. Nb2 Rf6 26. Kg2 Rbf8 27. Rbd1 Qb7 28. h3 d5 29. Rh1 c4 30. exd5 Bxd5 31. Bxd5 f3+ 32. Qxf3 exd5 33. Qg3 d4+ 34. Kg1 Nf3+ 35. Kf1 dxc3 0-1

[Event "POR-chB"]
[Site "Vila Real"]
[Date "2005.08.08"]
[Round "6"]
[White "Pereira, Joaquim Costa"]
[Black "Teixeira, Rafael Goltsman"]
[Result "0-1"]
[WhiteElo "2094"]
[BlackElo "2076"]
[PlyCount "28"]
[EventDate "2005.08.03"]
[EventType "swiss"]
[EventRounds "9"]
[EventCountry "POR"]
[SourceTitle "CBM 107 Extra"]
[Source "ChessBase"]
[SourceDate "2005.09.01"]
[SourceVersion "1"]
[SourceVersionDate "2005.09.01"]
[SourceQuality "1"]

1. e4 c5 2. Nf3 d6 3. d4 cxd4 4. Nxd4 Nf6 5. Nc3 g6 6. Be3 Bg7 7. f3 0-0 8. Qd2 Nc6 9. 0-0-0 d5 10. Nxc6 bxc6 11. Bd4 e5 12. Bc5 d4 13. Bxf8 Qxf8 14. Nb1 Bh6 0-1

[Event "Lisbon-ch 15th"]
[Site "Lisbon"]
[Date "2005.05.03"]
[Round "2"]
[White "Pereira, Joaquim Costa"]
[Black "Silva, Miguel Alexandre Go"]
[Result "1/2-1/2"]
[WhiteElo "1991"]
[BlackElo "1975"]
[PlyCount "77"]
[EventDate "2005.05.02"]
[EventType "tourn"]
[EventRounds "11"]
[EventCountry "POR"]
[SourceTitle "CBM 106 Extra"]
[Source "ChessBase"]
[SourceDate "2005.07.01"]
[SourceVersion "1"]
[SourceVersionDate "2005.07.01"]
[SourceQuality "1"]

1. e4 c5 2. Nf3 d6 3. d4 cxd4 4. Nxd4 Nf6 5. Nc3 g6 6. Be2 Bg7 7. 0-0 0-0 8. Be3 Nc6 9. Nb3 Be6 10. f4 Rc8 11. Rc1 a6 12. Kh1 b5 13. Bf3 Qc7 14. Nd5 Bxd5 15. exd5 Na5 16. Nd2 Nc4 17. Nxc4 Qxc4 18. b3 Qc7 19. c4 Qa5 20. Qe2 bxc4 21. bxc4 Rfe8 22. Qf2 Nd7 23. Bg4 Rc7 24. Bxd7 Rxd7 25. c5 dxc5 26. Rxc5 Qd8 27. Qf3 e6 28. dxe6 Rxe6 29. f5 Rxe3 30. Qxe3 Bd4 31. Qc1 Bxc5 32. Qxc5 Rd1 33. Qc4 Qd3 34. Qxd3 Rxd3 35. fxg6 hxg6 36. Kg1 Kg7 37. Rf2 Rd1+ 38. Rf1 Rd2 39. Rf2 1/2-1/2

[Event "Lisbon-ch 15th"]
[Site "Lisbon"]
[Date "2005.05.02"]
[Round "1"]
[White "Santos, Jose Alves"]
[Black "Pereira, Joaquim Costa"]
[Result "1-0"]
[WhiteElo "2176"]
[BlackElo "1991"]
[PlyCount "71"]
[EventDate "2005.05.02"]
[EventType "tourn"]
[EventRounds "11"]
[EventCountry "POR"]
[SourceTitle "CBM 106 Extra"]
[Source "ChessBase"]
[SourceDate "2005.07.01"]
[SourceVersion "1"]
[SourceVersionDate "2005.07.01"]
[SourceQuality "1"]

1. e4 c5 2. Ne2 Nc6 3. g3 e6 4. Bg2 Nf6 5. Nbc3 Be7 6. 0-0 d6 7. d4 cxd4 8. Nxd4 a6 9. Nxc6 bxc6 10. e5 Nd5 11. exd6 Bxd6 12. Nxd5 cxd5 13. c4 Rb8 14. cxd5 0-0 15. b3 Be5 16. Rb1 exd5 17. Ba3 Re8 18. Qxd5 Qf6 19. Qf3 Qg6 20. Rfe1 Bg4 21. Qe3 Bd7 22. Qa7 Rbd8 23. Rbd1 Bb5 24. Rxd8 Rxd8 25. Bc5 Bf6 26. a4 Bd3 27. Be7 Bxe7 28. Qxe7 Rf8 29. b4 h6 30. h4 Qb6 31. Re3 Bg6 32. a5 Qd4 33. Bc6 Rb8 34. h5 Bf5 35. Qe5 Qd1+ 36. Re1 1-0

[Event "Monte Estoril op"]
[Site "Monte Estoril"]
[Date "2003.12.07"]
[Round "2"]
[White "Pereira, Joaquim Costa"]
[Black "Baptista, Ana Filipa"]
[Result "1/2-1/2"]
[WhiteElo "2065"]
[BlackElo "2053"]
[PlyCount "90"]
[EventDate "2003.12.06"]
[EventType "swiss"]
[EventRounds "2"]
[EventCountry "POR"]
[SourceTitle "EXT 2005"]
[Source "ChessBase"]
[SourceDate "2004.11.15"]
[SourceVersion "1"]
[SourceVersionDate "2004.11.15"]
[SourceQuality "1"]

1. e4 c5 2. Nf3 d6 3. d4 cxd4 4. Nxd4 Nf6 5. Nc3 a6 6. f3 e6 7. Be3 Qc7 8. Be2 Be7 9. 0-0 b5 10. a3 0-0 11. Qd2 Nbd7 12. Rad1 Bb7 13. Nb3 Rac8 14. Bd3 Ne5 15. Qf2 Nxd3 16. cxd3 d5 17. Bb6 Qb8 18. Ba7 Qa8 19. Bc5 Bxc5 20. Nxc5 Qa7 21. d4 Rfd8 22. e5 Nd7 23. b4 Nxc5 24. dxc5 Bc6 25. Qd4 Qc7 26. f4 a5 27. Ne2 axb4 28. axb4 Ra8 29. Ra1 Ra4 30. Nc3 Raa8 31. Ne2 Ra4 32. Qb2 Rda8 33. Nd4 Be8 34. Rxa4 bxa4 35. Ra1 Bd7 36. Qc3 f6 37. Qe1 a3 38. exf6 Qxf4 39. Nxe6 Qxf6 40. Nc7 Ra7 41. Ne8 Qd4+ 42. Kh1 a2 43. Nd6 h5 44. h3 Ra3 45. c6 Bxh3 1/2-1/2